Statistics For People Who Hate Statistics (Record no. 3573)

MARC details
000 -LEADER
fixed length control field 00414nam a22001577a 4500
008 - FIXED-LENGTH DATA ELEMENTS--GENERAL INFORMATION
fixed length control field 250520b |||||||| |||| 00| 0 eng d
020 ## - INTERNATIONAL STANDARD BOOK NUMBER
ISBN 9781506361161
100 ## - MAIN ENTRY--AUTHOR
Author Salkind J. Neil
245 ## - TITLE STATEMENT
Title Statistics For People Who Hate Statistics
250 ## - EDITION STATEMENT
Edition statement 6th
260 ## - PUBLICATION, DISTRIBUTION, ETC. (IMPRINT)
Place of publication California
Name of publisher Sage
Date of publication 2017
300 ## - COLLATION
Pagination xxix, 519p. 25.5cm:
Other physical details illustration;
650 ## - TRACINGS
Main Subject Statistics
942 ## - ADDED ENTRY ELEMENTS (KOHA)
Item type Books
050 ## - LIBRARY OF CONGRESS CALL NUMBER
Classification number HA29
Item number .S35 2017
Holdings
Source of classification or shelving scheme Not for loan Permanent location Current location Date acquired Accession No. Full call number Barcode. Koha item type
Library of Congress Classification   Samuel Ogbemudia Main Library, University of Abuja Samuel Ogbemudia Main Library, University of Abuja 05/20/2025 2024/63936 HA29.S35 2025-2046 Books